Historia de Estados Unidos. La formación de una potencia 1600-1860

Na minha lista:
Detalhes bibliográficos
Autor principal: Degler, Carl N
Formato: Texto
Publicado em: Barcelona: Harper & Row
Tags: Adicionar Tag
Sem tags, seja o primeiro a adicionar uma tag!

MARC

LEADER 00000 a a2200000 04500
001 22433
003
040
090 |a 151800  
100 |a Degler, Carl N  
245 |a Historia de Estados Unidos. La formación de una potencia 1600-1860  
260 |a Barcelona:   |b Harper & Row  
300 |a 300 p.  
999 |c 16512  |d 16512